|
|
|
|
| LEADER |
00670cam a2200193 7i4500 |
| 001 |
0000019573 |
| 005 |
20170218090000.0 |
| 008 |
071221 eng |
| 020 |
|
|
|a 9780072118599
|
| 020 |
|
|
|a 0072118598 (pbk.)
|
| 090 |
0 |
0 |
|a QA76.76
|b .N75 1999
|
| 100 |
1 |
|
|a Nelson, Stephen L
|
| 245 |
1 |
0 |
|a Office 2000 :
|b the complete reference
|c Stephen L. Nelson.
|
| 260 |
|
|
|a Berkeley:
|b Orborne/McGraw-Hill,
|c 1999.
|
| 300 |
|
|
|a xxxiv, 1040 p.:
|b ill.;
|c 23 cm.
|
| 500 |
|
|
|a Includes index
|
| 650 |
0 |
0 |
|a Word processing
|
| 997 |
|
|
|a Communication, Visual Art & Computing, Faculty
|b Computing, Department
|
| 999 |
|
|
|a 0000023613
|b BOK
|c OPEN SHELF
|e 2nd Floor, Bestari Jaya
|